RLCS World Cup 2024 Teams - Statistiques

Statistiques générales
  • Ce quiz a été pris 147 fois
  • Le résultat moyen est 35 sur 64
Statistiques - réponses
Region Team Nationality Player % Correct
EU Team Vitality French Zen
99%
EU Karmine Corp French Vatira
98%
EU Team BDS French Monkey Moon
96%
EU Team Vitality French Radosin
96%
EU Karmine Corp Belgian Atow
95%
EU Gentle Mates Alpine French Juicy
95%
EU Team Vitality French Alpha54
94%
EU Team BDS Moroccan Dralii
94%
EU Gentle Mates Alpine Moroccan Itachi
93%
EU Gentle Mates Alpine French Seikoo
93%
EU Karmine Corp English Rise
91%
EU Team BDS French Exotiik
90%
EU Gentle Mates Alpine (Coach) Belgian Eversax
89%
EU Team Vitality (Coach) French Fairy Peak
86%
EU Karmine Corp (Coach) French Ferra
85%
EU Oxygen Esports English Joyo
82%
NA G2 Stride US Daniel
81%
MENA Team Falcons Saudi Rw9
80%
EU Oxygen Esports Polish Oski
79%
NA G2 Stride US Beastmode
78%
NA Gen.G Mobil1 Racing English ApparentlyJack
75%
EU Oxygen Esports English Archie
74%
NA G2 Stride US Atomic
74%
EU Team BDS (Coach) French Kassio
74%
MENA Team Falcons Saudi Kiileerrz
74%
NA Gen.G Mobil1 Racing US Firstkiller
73%
MENA Team Falcons Saudi Trk511
71%
SAM FURIA Esports Brazilian Yanxnz
66%
SAM FURIA Esports Brazilian Drufinho
60%
NA Spacestation Gaming US Lj
56%
SAM FURIA Esports Brazilian Lostt
56%
NA OG English Noly
55%
NA Gen.G Mobil1 Racing US Chronic
54%
OCE PWR Australian Bananahead
53%
NA OG Canadian Jknaps
48%
NA Spacestation Gaming US Chicago
46%
NA Spacestation Gaming US Hockser
45%
NA OG US Comm
44%
NA G2 Stride (Coach) US Satthew
41%
OCE PWR Australian Torsos
40%
OCE PWR Australian Fever
39%
SAM Team Secret Brazilian Kv1
39%
SSA Limitless South African 2Die4
34%
APAC Gaimin Gladiators Irish Virtuoso
33%
SAM Team Secret Brazilian Motta
30%
OCE QuikTrip Pioneers Gaming Australian Superlachie
29%
SAM Team Secret Brazilian Brad
28%
EU Oxygen Esports (Coach) Danish Snaski
28%
OCE QuikTrip Pioneers Gaming Australian Fiberr
27%
OCE QuikTrip Pioneers Gaming Australian Amphis
25%
SSA Limitless South African Snowyy
25%
APAC Gaimin Gladiators Dutch Tho
25%
NA OG (Coach) US Torment
25%
SSA Limitless South African Sweaty
24%
APAC Gaimin Gladiators Irish Maxeew
23%
NA Spacestation Gaming (Coach) Canadian Sadjunior
21%
NA Gen.G Mobil1 Racing (Coach) US Chrome
20%
APAC Gaimin Gladiators (Coach) Scottish Markydooda
20%
MENA Team Falcons (Coach) Saudi D7oom-24
17%
OCE PWR (Coach) Australian Jimmah
14%
OCE QuikTrip Pioneers Gaming (Coach) Australian Mock
14%
SAM FURIA Esports (Coach) Brazilian Stl
13%
SAM Team Secret (Coach) Brazilian Brunovisqui
11%
SSA Limitless (Coach) Puerto Rican Noxes
9%
Aucun quiz correspondant
Distribution des résultats
% des personnes avec chaque résultat
Percentile par nombre de réponses
Votre historique - résultats
Vous n’avez pas pris ce quiz